Who wants to be in (commercial) oceanography? (Record no. 70197)
[ view plain ]
| 000 -LEADER | |
|---|---|
| fixed length control field | 00951cam a2200217 4500 |
| 001 - CONTROL NUMBER | |
| control field | ABS65422 |
| 008 - FIXED-LENGTH DATA ELEMENTS--GENERAL INFORMATION | |
| fixed length control field | 020508n2002 000 0 eng u |
| 035 ## - SYSTEM CONTROL NUMBER | |
| System control number | (Sirsi) u117874 |
| 100 ## - MAIN ENTRY--PERSONAL NAME | |
| Personal name | Broadbent, M |
| 245 ## - TITLE STATEMENT | |
| Title | Who wants to be in (commercial) oceanography? |
| 260 ## - PUBLICATION, DISTRIBUTION, ETC. | |
| Date of publication, distribution, etc. | 2002 |
| 490 ## - SERIES STATEMENT | |
| Series statement | Hydro International |
| Volume/sequential designation | April 2002, 6-9(3) |
| 520 ## - SUMMARY, ETC. | |
| Summary, etc. | Looks at lack of oceanographers in marine survey industry, especially subgroups of hydrography, marine geophysics or oceanography. Concludes few people want constantly-at-sea lifestyle of commercial oceanography, and most settle at navigator's computer. Client's representative as project manager will ensure appropriate data is obtained, which may encourage their application in commercial industry. |
| 590 ## - LOCAL NOTE (RLIN) | |
| Local note | ABS |
| 650 ## - SUBJECT ADDED ENTRY--TOPICAL TERM | |
| Topical term or geographic name entry element | OCEANOGRAPHY |
| 650 ## - SUBJECT ADDED ENTRY--TOPICAL TERM | |
| Topical term or geographic name entry element | MARINE SURVEYING |
| 650 ## - SUBJECT ADDED ENTRY--TOPICAL TERM | |
| Topical term or geographic name entry element | HYDROGRAPHY |
| 9 (RLIN) | 6245 |
| 650 ## - SUBJECT ADDED ENTRY--TOPICAL TERM | |
| Topical term or geographic name entry element | GEOPHYSICS |
| 690 ## - LOCAL SUBJECT ADDED ENTRY--TOPICAL TERM (OCLC, RLIN) | |
| Topical term or geographic name as entry element | MARINE RESOURCE MANAGEMENT |
| 942 ## - ADDED ENTRY ELEMENTS (KOHA) | |
| Suppress in OPAC | 0 |
| Withdrawn status | Lost status | Source of classification or shelving scheme | Damaged status | Not for loan | Home library | Current library | Shelving location | Date acquired | Total Checkouts | Full call number | Barcode | Date last seen | Copy number | Price effective from | Koha item type |
|---|---|---|---|---|---|---|---|---|---|---|---|---|---|---|---|
| Dewey Decimal Classification | London | London | Journal article | 08/05/2002 | ABS65422 | 117874-1001 | 06/08/2019 | 1 | 06/08/2019 | Journal article |